Datum a čas kvízu
14
Celkem bodů
Celkový počet nahraných bodů na tomto kvízu bez doplňovacích otázek.
15.
Pořadí na kvízu
Konečné umístění týmu na tomto kvízu.
Zaznamenané odpovědi
| # | Otázka | Odpověď | Body | Výsledky |
|---|---|---|---|---|
| 1. | Ve středu rozhodl Ústavní soud... | Milion chvilek pro demokracii | 0 | |
| 2. | V pondělí proběhla inaugurace... | Michelle Obama | 0 | |
| 3. | Reality show Bachelor ve střed... | Sabina (Pšádová) | 1 | |
| 4. | V noci na úterý jsme mohli na... | C) 6 planet Sluneční soustavy najednou | 0 | |
| 5. | Úterní zápas fotbalové Ligy mi... | Benfica (Lisabon), Barcelona | 1 | |
| 6. | Za půl bodu napište, jak se jm... | Tři soutěsky; Čína | 0 | |
| 7. | Kterým přídavným jménem na 11... | geotermální | 0 | |
| 8. | Akademik Lomonosov je ruská ja... | B | 1 | |
| 9. | Pearl Street Station byla prvn... | Thomas Alva Edison | 0 | |
| 10. | Téma zakončíme v České republi... | med | 0 |